| 000 | 01043cam a2200325 a 4500 | ||
|---|---|---|---|
| 001 | 3873896 | ||
| 003 | OSt | ||
| 005 | 20251203162400.0 | ||
| 008 | 890119t19891981ilu b 000 0 eng | ||
| 010 | _a 89060180 | ||
| 020 | _a0896937615 | ||
| 020 | _a9780896937611 | ||
| 035 | _a3873896 | ||
| 040 |
_aDLC _cDLC _dDLC |
||
| 050 | 0 | 0 |
_aBS600.2 _b.W32 1981 |
| 082 | 0 | 0 |
_a220/.07 _220 |
| 100 | 1 |
_aWarren, Rick, _d1954- _eauthor. |
|
| 245 | 1 | 0 |
_aPersonal Bible study methods / _cRick Warren. |
| 260 |
_aWheaton, Ill. : _bVictor Books, _c1989 printing, c1981. |
||
| 300 |
_a251 p. ; _c22 cm. |
||
| 336 |
_atext _btxt _2rdacontent |
||
| 337 |
_aunmediated _bn _2rdamedia |
||
| 338 |
_avolume _bnc _2rdacarrier |
||
| 504 | _aIncludes bibliographical references. | ||
| 630 | 0 | 0 |
_aBible _xStudy and teaching. |
| 906 |
_a7 _bcbc _corignew _d3 _eopcn _f19 _gy-gencatlg |
||
| 942 |
_2lcc _cBK |
||
| 999 |
_c20896 _d20895 |
||